• 首页
  • 本馆介绍
  • 公告通知
  • 最新文献
  • 馆藏检索
  • 电子资源
  • 读者导购
  • 参考咨询
  • 我的图书馆
  • 登录
  • 详细信息显示
  • 放入我的书架
  • 预约/预借图书
  • 作者相关作品
  • 分类相关作品
  • 丛书相关作品
  • 出版社相关作品

书目信息

  • 表格格式
  • 工作单格式
  • 卡片格式
题名:
从托利主义到自由主义
    
 
作者: 李义中 著
分册:  
出版信息: 北京   中国社会科学出版社  2005
页数: 268页
开本: 20cm
丛书名:
单 册:
中图分类: D091.4
科图分类:
主题词: 格拉斯顿,W.E(1809--1898)--自由主义--研究
电子资源:
ISBN: 7-5004-5157-1
000 00916nam0 2200229 450
001 TS2006031609
005 20070106155937.85
010    @a7-5004-5157-1@dCNY24.00
100    @a20060829d2004 ekmy0chiy0121 ea
101 0  @achi
102    @aCN@b110000
105    @ay z 000yy
200 1  @a从托利主义到自由主义@ACong Tuo Li Zhu Yi Dao Zi You Zhu Yi@e格拉斯顿宗教、政治观的演进@EGe La Si Dun Zong Jiao、 Zheng Zhi Guan De Yan Jin@f李义中著@FLi Yi Zhong Zhu
210    @a北京@c中国社会科学出版社@d2005
215    @a268页@d20cm
320    @a有书目:(260-266页)
330    @a本文由三部分组成。第一部分考察、分析格拉斯顿宗教观的形成及其宗教——政治理想的构建。第二部分重在揭示格拉斯顿的托利主义或曰“政治教士主义”理想逐渐破灭的现实要因。
606 0  @a格拉斯顿,W.E(1809--1898)@x自由主义@x研究
690    @aD091.4@v4
701  0 @a李义中@ALi Yi Zhong@4著
801  0 @aCN@b中图数据@c20070106
905    @dD091.4@e101
    
    从托利主义到自由主义:格拉斯顿宗教、政治观的演进/李义中著.-北京:中国社会科学出版社,2005
    268页;20cm
    
    
    ISBN 7-5004-5157-1:CNY24.00
    本文由三部分组成。第一部分考察、分析格拉斯顿宗教观的形成及其宗教——政治理想的构建。第二部分重在揭示格拉斯顿的托利主义或曰“政治教士主义”理想逐渐破灭的现实要因。
●
相关链接 在E读中查询图书 在五车中查询图书 在当当中查询图书 在豆瓣中查询图书


正题名:从托利主义到自由主义     索取号:D091.4/101         预约/预借

序号 登录号 条形码 馆藏地/架位号 状态 备注
1 0613459   206134592   第一样本阅览室/ [索取号:D091.4/101] 在馆    
2 0613460   206134609   第一借阅区/ [索取号:D091.4/101] 在馆    
3 0613461   206134618   第一借阅区/ [索取号:D091.4/101] 在馆    
4 0613462   206134627   第一借阅区/ [索取号:D091.4/101] 在馆    
5 0613463   206134636   第一借阅区/ [索取号:D091.4/101] 在馆    
唐山师范学院图书馆 欢迎您!
大连网信软件有限公司© 版权所有